000 00271nam a22001217a 4500
005 20250821100311.0
008 250821b |||||||| |||| 00| 0 eng d
082 _a005
_bSUE-E
100 _aDr. Sue Morter
245 _aEnergy Codes
650 _aOther Books
999 _c37060
_d37060